| 000 | 01374cam a2200385 a 4500 | ||
|---|---|---|---|
| 001 | 2977 | ||
| 003 | FISKH | ||
| 005 | 20240314101540.0 | ||
| 008 | 020820s2004 nyua c b 000 1 eng | ||
| 010 | _a 2002031766 | ||
| 020 | _a0399238611 | ||
| 020 | _a9780439674324 | ||
| 040 |
_aDLC _cDLC _dDLC _beng |
||
| 042 | _alcac | ||
| 043 | _an-us-ca | ||
| 050 | 0 | 0 |
_aPZ7.C446265 _bAl 2004 |
| 082 | 0 | 0 |
_a[Fic] _221 |
| 100 | 1 |
_aCholdenko, Gennifer, _d1957- |
|
| 245 | 1 | 0 |
_aAl Capone does my shirts / _cGennifer Choldenko. |
| 250 | _aFirst Scholastic printing, September 2004 | ||
| 260 |
_aNew York : _bScholastic, _c2004. |
||
| 300 |
_a225 pages : _c20 cm |
||
| 505 | _aK | ||
| 520 | _aA twelve-year-old boy named Moose moves to Alcatraz Island in 1935 when guards' families were housed there, and has to contend with his extraordinary new environment in addition to life with his autistic sister. | ||
| 521 | 8 |
_a600 _bLexile |
|
| 610 | 2 | 0 |
_aUnited States Penitentiary, Alcatraz Island, California _vJuvenile fiction. |
| 610 | 2 | 1 |
_aUnited States Penitentiary, Alcatraz Island, California _vFiction. |
| 650 | 1 |
_aAutism _vFiction. |
|
| 650 | 1 |
_aFamily problems _vFiction. |
|
| 650 | 1 |
_aSiblings _vFiction. |
|
| 651 | 1 |
_aAlcatraz Island (Calif.) _xHistory _vFiction. |
|
| 906 |
_a7 _bcbc _corignew _d1 _eocip _f20 _gy-gencatlg |
||
| 942 |
_2ddc _cBK _n0 |
||
| 999 |
_c2977 _d2977 |
||